[Event "Tel Aviv Cup rapid"]
[Site "Tel Aviv"]
[Date "1996.??.??"]
[Round "3"]
[White "Smirin, Ilia"]
[Black "Soffer, Ram"]
[Result "1/2-1/2"]
[WhiteElo "2615"]
[BlackElo "2530"]

1.e4 c5 2.Nf3 e6 3.c4 Nc6 4.Nc3 Nf6 5.Be2 b6 6.d4 cxd4 7.Nxd4 Nxd4 8.Qxd4 Bc5
9.Qd3 e5 10.Be3 Bb7 11.O-O O-O 12.Rfd1 Qe7 13.a3 Bxe3 14.Qxe3 Rfc8 15.Rac1 Qc5
16.Qxc5 bxc5 17.f3 a5 18.Nb5 Bc6 19.Kf2 Kf8 20.Ke3 Ke7 21.Nc3 Rab8 22.Rd2 Ne8
23.g3 Nc7 24.f4 f6 25.Bg4 Ne6 26.Bxe6 exf4+ 27.gxf4 dxe6 28.Rg1 g6 29.Rg3 Rb3
30.Rh3 h5 31.f5 exf5 32.exf5 Kf7 33.fxg6+ Kxg6 34.Kf4 Rcb8 35.Rg3+ Kf7 36.Rd6 Bh1
37.Rd7+ Ke6 38.Rgg7 Re8 39.Ra7 Rb6 40.Rg1 Bc6 41.Re1+ Kd6 42.Rd1+ Ke6 43.Re1+ Kd6  1/2-1/2

[Event "Tel Aviv Cup rapid"]
[Site "Tel Aviv"]
[Date "1996.??.??"]
[Round "3"]
[White "Smirin, Ilia"]
[Black "Soffer, Ram"]
[Result "1-0"]
[WhiteElo "2615"]
[BlackElo "2530"]

1.c4 Nf6 2.Nc3 e5 3.Nf3 Nc6 4.d4 exd4 5.Nxd4 Bb4 6.Bg5 Bxc3+ 7.bxc3 d6 8.e3 h6
9.Bh4 Ne5 10.Nb5 g5 11.Bg3 a6 12.Nd4 Ne4 13.Qc2 Nxg3 14.hxg3 Qf6 15.Qe4 Qg6
16.Qxg6 Nxg6 17.f4 c5 18.Nf3 g4 19.Nd2 Ke7 20.Bd3 Bd7 21.Kf2 h5 22.Rh2 Rh6
23.Be4 Rb8 24.Rah1 f5 25.Bd5 Rbh8 26.Bxb7 Rb8 27.Rb1 a5 28.Rhh1 h4 29.Rhe1 hxg3+
30.Kxg3 Kd8 31.Bd5 Rxb1 32.Rxb1 Ne7 33.Nb3 a4 34.Na5 Nxd5 35.cxd5 Kc7 36.Rb7+ Kc8
37.Ra7 Bb5 38.Rf7 Bd3 39.Nc6 Rh1 40.Ne7+ Kd8 41.Nxf5 Bxf5 42.Rxf5 Ra1  1-0

[Event "Tel Aviv Cup rapid"]
[Site "Tel Aviv"]
[Date "1996.??.??"]
[Round "3"]
[White "Soffer, Ram"]
[Black "Smirin, Ilia"]
[Result "1-0"]
[WhiteElo "2530"]
[BlackElo "2615"]

1.e4 c5 2.Nf3 d6 3.d4 cxd4 4.Nxd4 Nf6 5.Nc3 Nc6 6.Bg5 Qb6 7.Nb3 e6 8.Qd2 a6
9.O-O-O Qc7 10.Kb1 b5 11.Bxf6 gxf6 12.f4 Bd7 13.g3 Be7 14.Bg2 Rc8 15.Rhe1 O-O
16.Nd5 exd5 17.exd5 Ne5 18.fxe5 fxe5 19.Nd4 Bf6 20.Be4 Bg7 21.Nf5 Bxf5 22.Bxf5 Rcd8
23.Re4 Rfe8 24.Rf1 Qe7 25.Qe2 h6 26.h4 Qb7 27.Rd1 a5 28.Qh5 b4 29.g4 a4 30.g5 b3
31.cxb3 axb3 32.a3 Kh8 33.gxh6 Bf6 34.Rb4 Qe7 35.Be4 Rg8 36.Rxb3 Bxh4 37.Rb7  1-0

[Event "Tel Aviv Cup rapid"]
[Site "Tel Aviv"]
[Date "1996.??.??"]
[Round "6"]
[White "Smirin, Ilia"]
[Black "Rechlis, Gad"]
[Result "1-0"]
[WhiteElo "2615"]
[BlackElo "2510"]

1.e4 c5 2.Nf3 d6 3.d4 cxd4 4.Nxd4 Nf6 5.Nc3 Nc6 6.Bg5 e6 7.Qd2 a6 8.O-O-O h6
9.Be3 Qc7 10.f4 Bd7 11.Kb1 b5 12.Bd3 Na5 13.Qe1 b4 14.Nce2 Nc4 15.Bc1 Rb8
16.h3 h5 17.Ng1 a5 18.Ngf3 a4 19.Qe2 Na3+ 20.Ka1 e5 21.bxa3 bxa3 22.c4 exd4
23.Bxa3 h4 24.Nxd4 Nh5 25.Qe3 g5 26.fxg5 Bg7 27.e5 Bxe5 28.g6 f5 29.c5 f4
30.Qe1 Be6 31.Qc3 O-O 32.Rhe1 Qa5 33.Bb2  1-0

[Event "Tel Aviv Cup rapid"]
[Site "Tel Aviv"]
[Date "1996.??.??"]
[Round "6"]
[White "Smirin, Ilia"]
[Black "Rechlis, Gad"]
[Result "1-0"]
[WhiteElo "2615"]
[BlackElo "2510"]

1.e4 e6 2.d4 d5 3.Nd2 c5 4.Ngf3 cxd4 5.Nxd4 Nf6 6.e5 Nfd7 7.Bb5 Qb6 8.N2f3 Nc6
9.O-O a6 10.Ba4 Nc5 11.Bb3 a5 12.c3 a4 13.Bc2 Bd7 14.Rb1 Be7 15.Qe2 h6 16.b4 axb3
17.axb3 O-O 18.b4 Nxd4 19.Nxd4 Ne4 20.f3 Ng5 21.Bd2 f5 22.exf6 Rxf6 23.f4  1-0

[Event "Vienna op"]
[Site "Vienna"]
[Date "1996.??.??"]
[Round "2"]
[White "Smirin, Ilia"]
[Black "Skomorokhin, Roman"]
[Result "1-0"]
[WhiteElo "2625"]
[BlackElo "2450"]

1.e4 c5 2.Nc3 e6 3.Nf3 a6 4.d4 cxd4 5.Nxd4 d6 6.f4 b5 7.Bd3 Bb7 8.O-O Nf6
9.Qe2 Be7 10.Nf3 b4 11.Nd1 Nc6 12.Nf2 e5 13.f5 h6 14.c4 Nh7 15.Ng4 h5 16.Ne3 Ng5
17.Nc2 Nxf3+ 18.Rxf3 Bg5 19.Bxg5 Qxg5 20.f6 g6 21.Qf2 O-O 22.Rd1 Rfe8 23.Bf1 Nd4
24.Rg3 Qf4 25.Nxd4 Qxf2+ 26.Kxf2 exd4 27.Rxd4 Rxe4 28.Rgd3 Re5 29.Rxd6 Rf5+
30.Kg1 Be4 31.Rb3 a5 32.Re3 Bb1 33.Bd3 Bxd3 34.Rexd3 Kh7 35.R3d5 Rf4 36.Rd4 Rf5
37.Re4 Rc8 38.b3 a4 39.Rd7 axb3 40.Rxf7+ Kh6 41.axb3 Ra8 42.Re1 Ra2 43.Rf1  1-0

[Event "Vienna op"]
[Site "Vienna"]
[Date "1996.??.??"]
[Round "5"]
[White "Komarov, Dimitri"]
[Black "Smirin, Ilia"]
[Result "1/2-1/2"]
[WhiteElo "2595"]
[BlackElo "2625"]

1.d4 Nf6 2.Nf3 g6 3.c4 Bg7 4.Nc3 O-O 5.e4 d6 6.Be2 e5 7.Be3 c6 8.d5 Na6 9.O-O Ng4
10.Bg5 f6 11.Bd2 f5 12.Ng5 Nf6 13.exf5 Bxf5 14.Bf3 Nc5 15.b4 e4 16.Be2 Nd3
17.g4 Nb2 18.Qb3 Nxg4 19.Ncxe4 Bxe4 20.Bxg4 Bd3 21.c5 Kh8 22.Ne6 Qh4 23.h3 Bc4
24.Qc2 Bd3 25.Qb3 Bc4 26.Qc2 Bd3 27.Qc1 Bxf1 28.Qxf1 Nd3 29.Nxg7 h5 30.Bc3 Kh7
31.Nxh5 Nxf2 32.Qg2 Nxg4 33.hxg4 Rae8 34.cxd6 gxh5 35.Qc2+  1/2-1/2

[Event "Vienna op"]
[Site "Vienna"]
[Date "1996.??.??"]
[Round "8"]
[White "Smirin, Ilia"]
[Black "Zvjaginsev, Vadim"]
[Result "1/2-1/2"]
[WhiteElo "2625"]
[BlackElo "2590"]

1.e4 c5 2.Nc3 Nc6 3.Nf3 d6 4.d4 cxd4 5.Nxd4 e6 6.Be2 Nf6 7.Be3 Be7 8.Qd2 O-O
9.O-O-O Bd7 10.f4 Nxd4 11.Bxd4 Bc6 12.Bf3 Nd7 13.Kb1 b5 14.e5 d5 15.f5 b4
16.Ne2 exf5 17.g4 f6 18.exf6 Bxf6 19.Bxf6 Nxf6 20.Nd4 Bd7 21.gxf5 Qb6 22.Rhg1 Rae8
23.Qg2 Re7 24.Bxd5+ Nxd5 25.Qxd5+ Kh8 26.b3 Bc8 27.Rge1 Bb7 28.Qc4 Ba6 29.Qd5 Bb7
30.Qb5 Rxe1 31.Rxe1 Qxd4 32.Qxb7 h6 33.Qe4 Qd2 34.Rf1 a5 35.Qe5 Qg2 36.Rd1 Qg4
37.Rd5 Qg2 38.Rd6 Kh7 39.Rg6 Qb7 40.Rg1 Qa7 41.Rg3 Qd7 42.Rg1 Rxf5 43.Rxg7+ Qxg7
44.Qxf5+ Kh8  1/2-1/2

[Event "Vienna op"]
[Site "Vienna"]
[Date "1996.??.??"]
[Round "9"]
[White "Smirin, Ilia"]
[Black "Hertneck, Gerald"]
[Result "1-0"]
[WhiteElo "2625"]
[BlackElo "2565"]

1.c4 e5 2.Nc3 Nf6 3.Nf3 Nc6 4.d4 exd4 5.Nxd4 Bb4 6.Bg5 h6 7.Bh4 Ne5 8.Qb3 Bxc3+
9.Qxc3 O-O 10.Nb5 d6 11.Bxf6 Qxf6 12.Nxc7 Rb8 13.e3 Bf5 14.Nd5 Qd8 15.f4 Nd7
16.Be2 Be4 17.Bf3 Bxd5 18.Bxd5 Re8 19.O-O Nf6 20.Bf3 Qb6 21.Qd4 Rxe3 22.Qxb6 axb6
23.Rad1 Ne4 24.Rfe1 Rxe1+ 25.Rxe1 Nc5 26.Re7 Kf8 27.Rc7 Ke8 28.Bd5 Nd7 29.b4 g5
30.g3 Kd8 31.Rxb7 Rxb7 32.Bxb7 Nf6 33.fxg5 hxg5 34.Bd5 Nxd5 35.cxd5 b5 36.Kf2 Ke7
37.Ke3 f5 38.h4 Kf6 39.hxg5+ Kxg5 40.Kf3 Kg6 41.Kf4 Kf6 42.a3 Kg6 43.g4 fxg4
44.Kxg4 Kf6 45.Kf4 Kg6 46.Ke3 Kf5 47.Kd4 Kf6 48.Ke4 Ke7 49.Kd4 Kd8 50.Kc3 Kc7
51.Kb3 Kb7 52.a4 bxa4+ 53.Kxa4 Ka6 54.b5+ Kb6 55.Kb4 Ka7 56.Ka5 Kb7 57.b6 Kb8
58.Ka6 Ka8 59.b7+ Kb8 60.Ka5 Kxb7 61.Kb5  1-0

[Event "Yerevan ol (Men)"]
[Site "Yerevan"]
[Date "1996.??.??"]
[Round "1"]
[White "Michelakis, George"]
[Black "Smirin, Ilia"]
[Result "1/2-1/2"]
[WhiteElo "2410"]
[BlackElo "2625"]

1.d4 Nf6 2.c4 g6 3.Nc3 Bg7 4.e4 d6 5.f3 O-O 6.Be3 Nbd7 7.Qd2 c5 8.d5 Ne5
9.Bg5 a6 10.f4 Ned7 11.a4 Qa5 12.Nf3 e6 13.dxe6 fxe6 14.Rd1 Nb6 15.Bd3 Qb4
16.O-O Bd7 17.b3 Bc6 18.Qc2 Nbd7 19.f5 exf5 20.exf5 Ng4 21.Na2 Qb6 22.fxg6 h6
23.Bf5 Nde5 24.Nxe5 Bxe5 25.Bxg4 hxg5 26.Be6+ Kg7 27.Rf7+ Rxf7 28.gxf7 Rh8
29.h3 Qd8 30.Rf1 Kf8 31.Nc3 Rh6 32.Nd5  1/2-1/2

[Event "Yerevan ol (Men)"]
[Site "Yerevan"]
[Date "1996.??.??"]
[Round "2"]
[White "Smirin, Ilia"]
[Black "Ehlvest, Jaan"]
[Result "1/2-1/2"]
[WhiteElo "2625"]
[BlackElo "2660"]

1.e4 e6 2.d4 d5 3.Nc3 dxe4 4.Nxe4 Nd7 5.Nf3 Ngf6 6.Nxf6+ Nxf6 7.Bd3 c5 8.dxc5 Bxc5
9.Qe2 Qc7 10.O-O O-O 11.a3 b6 12.b4 Bd6 13.Bb2 Bb7 14.h3 a5 15.Rad1 Rfd8
16.b5 Qe7  1/2-1/2

[Event "Yerevan ol (Men)"]
[Site "Yerevan"]
[Date "1996.??.??"]
[Round "5"]
[White "Smirin, Ilia"]
[Black "Ricardi, Pablo"]
[Result "0-1"]
[WhiteElo "2625"]
[BlackElo "2535"]

1.e4 d5 2.exd5 Qxd5 3.Nc3 Qa5 4.d4 Nf6 5.Nf3 Bf5 6.Ne5 c6 7.Bc4 e6 8.g4 Bg6
9.Qe2 Bb4 10.Bd2 Nbd7 11.f4 O-O-O 12.O-O-O Nb6 13.f5 exf5 14.a3 Rhe8 15.axb4 Qa1+
16.Nb1 Na4 17.Bc3 Ne4 18.Rd3 f4 19.Qf3 Nexc3 20.bxc3 Qb2+ 21.Kd2 Nb6 22.Ba6 bxa6
23.Qxc6+ Kb8 24.Nc4 Nxc4+ 25.Qxc4 Re3  0-1

[Event "Yerevan ol (Men)"]
[Site "Yerevan"]
[Date "1996.??.??"]
[Round "6"]
[White "Bologan, Viktor"]
[Black "Smirin, Ilia"]
[Result "1/2-1/2"]
[WhiteElo "2600"]
[BlackElo "2625"]

1.e4 c5 2.Nf3 Nc6 3.d4 cxd4 4.Nxd4 Nf6 5.Nc3 d6 6.Bg5 e6 7.Qd2 a6 8.O-O-O h6
9.Be3 Be7 10.f3 Nxd4 11.Qxd4 b5 12.h4 Qa5 13.Qb6 Qxb6 14.Bxb6 Bb7 15.a3 Rc8
16.Kb1 d5 17.e5 Nd7 18.Bd4 f6 19.f4 Bc5 20.Ne2 Ke7 21.g3 fxe5 22.fxe5 g5
23.Bh3 a5 24.hxg5 hxg5 25.Bg4 b4 26.axb4 axb4 27.b3 Rcf8 28.Kb2 Bxd4+ 29.Nxd4 Nxe5
30.Bxe6 Kd6 31.Bf5 Nc6 32.Nxc6 Bxc6 33.g4 Rh4 34.Rhe1 Re8 35.Rxe8 Bxe8 36.Ra1 Bb5
37.Ra7 Be2 38.Rg7 Bxg4 39.Rxg5 Bxf5 40.Rxf5  1/2-1/2

[Event "Yerevan ol (Men)"]
[Site "Yerevan"]
[Date "1996.??.??"]
[Round "11"]
[White "Smirin, Ilia"]
[Black "Ye Jiangchuan"]
[Result "1-0"]
[WhiteElo "2625"]
[BlackElo "2540"]

1.c4 Nf6 2.Nc3 g6 3.e4 d6 4.d4 Bg7 5.Be2 O-O 6.Nf3 e5 7.O-O Nc6 8.d5 Ne7
9.b4 Nh5 10.Re1 f5 11.Nd2 Nf6 12.c5 Kh8 13.f3 Neg8 14.Nc4 Nh6 15.a4 fxe4
16.fxe4 Nfg4 17.Bxh6 Nxh6 18.Rc1 Rf4 19.a5 Ng4 20.Bxg4 Bxg4 21.Qd3 Qe7 22.cxd6 cxd6
23.Nb5 Bh6 24.Ncxd6 Raf8 25.h3 Qh4 26.Rf1 Rf2 27.Rce1 Be2 28.Qxe2 Rxe2 29.Rxf8+ Bxf8
30.Rxe2 a6 31.Nxb7 Bxb4 32.d6 Qg3 33.d7 Be7 34.N5d6 Kg7 35.Rf2 Qe3 36.d8=Q Bxd8
37.Nxd8 Qe1+ 38.Rf1 Qxa5 39.Ne6+ Kh6 40.Kh2 Qd2 41.Nf7+ Kh5 42.Nfg5  1-0

[Event "New York op"]
[Site "New York"]
[Date "1997.04.03"]
[Round "2"]
[White "Smirin, Ilia"]
[Black "Fernandez Sevilliano, Gusta"]
[Result "1-0"]
[WhiteElo "2575"]
[BlackElo "2340"]

1.c4 c5 2.Nf3 Nf6 3.Nc3 e6 4.g3 d5 5.cxd5 Nxd5 6.Bg2 Nc6 7.O-O Be7 8.d4 O-O
9.e4 Ndb4 10.a3 cxd4 11.axb4 dxc3 12.bxc3 Qc7 13.b5 Ne5 14.Nxe5 Qxe5 15.b6 Bc5
16.Bf4 Qxc3 17.Bd6 Bxd6 18.Qxd6 e5 19.bxa7 Be6 20.Qb6 Qc6 21.Rfb1 Qxb6 22.Rxb6 Bc8
23.f4 Re8 24.Kf2 Kf8 25.Ke3 Re7 26.Bf1 Ke8 27.Bc4 f6 28.Bd5 Kd8 29.fxe5 fxe5
30.Rb2 Kc7 31.Rb5 h6 32.Kd2 Kd8 33.Kc3 Rc7+ 34.Kb3 Re7 35.Kb4 Kc7 36.Rc5+ Kd8
37.Kb5 Rc7 38.Rxc7 Kxc7 39.Rc1+  1-0

[Event "Canadian op"]
[Site "Winnipeg"]
[Date "1997.07.13"]
[Round "2"]
[White "Smirin, Ilia"]
[Black "Haessel, Dale R"]
[Result "1-0"]
[WhiteElo "2600"]
[BlackElo "2250"]

1.e4 c5 2.Nf3 d6 3.d4 cxd4 4.Nxd4 Nf6 5.Nc3 a6 6.Be2 e5 7.Nb3 Be7 8.O-O O-O
9.Kh1 Be6 10.f4 Qc7 11.f5 Bc4 12.g4 d5 13.g5 Nxe4 14.Nxe4 dxe4 15.f6 Bd6
16.fxg7 Rd8 17.Bxc4 Qxc4 18.Nd2 Qd5 19.Qh5 b5 20.Rf6 Kxg7 21.Qh3 Bc7 22.Qh6+  1-0

[Event "Canadian op"]
[Site "Winnipeg"]
[Date "1997.07.14"]
[Round "4"]
[White "Smirin, Ilia"]
[Black "Vera, Reynaldo"]
[Result "1/2-1/2"]
[WhiteElo "2600"]
[BlackElo "2530"]

1.e4 c5 2.Nf3 d6 3.d4 cxd4 4.Nxd4 Nf6 5.Nc3 a6 6.Be3 e6 7.g4 h6 8.f4 b5 9.Bg2 Bb7
10.g5 hxg5 11.fxg5 Nh5 12.g6 Qh4+ 13.Bf2 Qf6 14.gxf7+ Qxf7 15.Qg4 e5 16.Ne6 Rh6
17.Nxf8 Kxf8 18.Be3 Nf4 19.Bxf4 exf4 20.O-O Rf6 21.Ne2 Nd7 22.Rxf4 Ne5 23.Qg3 Rxf4
24.Nxf4 Kg8 25.Rf1 Bc6 26.Nd5 Qa7+ 27.Kh1 Bxd5 28.exd5 Rf8 29.Rxf8+ Kxf8
30.Qh3 Qf2 31.Qc8+ Ke7 32.Qe6+ Kd8 33.Qxd6+ Nd7 34.h3 Qxc2 35.Qa3 Qd2 36.Kh2 Qd4
37.d6 Qe5+ 38.Kg1 Qe1+ 39.Kh2 Qe5+ 40.Kg1 Qe1+ 41.Kh2  1/2-1/2

[Event "Canadian op"]
[Site "Winnipeg"]
[Date "1997.07.16"]
[Round "6"]
[White "Smirin, Ilia"]
[Black "Gofshtein, Leonid D"]
[Result "1-0"]
[WhiteElo "2600"]
[BlackElo "2545"]

1.e4 d6 2.d4 g6 3.c4 Bg7 4.Nc3 Nf6 5.h3 O-O 6.Bg5 Na6 7.Nf3 e5 8.d5 c6 9.Nd2 h6
10.Bh4 Qb6 11.Na4 Qa5 12.a3 cxd5 13.b4 Qc7 14.cxd5 Nh5 15.Rc1 Qd7 16.b5 Nc5
17.Nxc5 dxc5 18.Rxc5 Qd6 19.Rc3 Bd7 20.f3 Rfc8 21.Nc4 Qf8 22.Qb3 f5 23.Bf2 fxe4
24.fxe4 Qf4 25.Qc2 Bxb5 26.g3 Qf8 27.Be2 Bd7 28.Bg4 Bxg4 29.hxg4 Nf6 30.O-O Qd8
31.Rb1 Nxg4 32.Rxb7 Qg5 33.Ne3 Rxc3 34.Qxc3 Nxf2 35.Kxf2 Qf6+ 36.Ke1 Kh8
37.Qc7 Rg8 38.Ke2 Qa6+ 39.Nc4 Qa4 40.d6 Qc2+ 41.Nd2 Qa4 42.d7  1-0

[Event "Canadian op"]
[Site "Winnipeg"]
[Date "1997.07.19"]
[Round "9"]
[White "Vukadinov, Milan"]
[Black "Smirin, Ilia"]
[Result "1/2-1/2"]
[WhiteElo "2140"]
[BlackElo "2600"]

1.d4 Nf6 2.c4 g6 3.Nc3 Bg7 4.e4 d6 5.f4 O-O 6.Nf3 c5 7.dxc5 Qa5 8.Bd3 Nfd7
9.cxd6 Bxc3+ 10.bxc3 Qxc3+ 11.Qd2 Qxa1 12.dxe7 Re8 13.e5 Nc6 14.O-O Nd4 15.Ng5 Ne6
16.Nxe6 fxe6 17.Bxg6 hxg6 18.Ba3 Qxf1+ 19.Kxf1 a5 20.f5 exf5 21.e6 Ne5 22.Qf4 Bxe6
23.Qxe5 Ra6 24.Kf2 Kf7 25.Qf4 Rc6 26.Qh4 Bxc4 27.Qh6 Kf6 28.h4 Bxa2 29.h5 Bf7
30.hxg6 Bxg6 31.Qd2  1/2-1/2

[Event "EUCup Gr7"]
[Site "Krynica"]
[Date "1997.09.15"]
[Round "1"]
[White "Gdanski, Jacek"]
[Black "Smirin, Ilia"]
[Result "1/2-1/2"]
[WhiteElo "2505"]
[BlackElo "2600"]

1.e4 c5 2.Nf3 Nc6 3.d4 cxd4 4.Nxd4 Nf6 5.Nc3 d6 6.Bc4 e6 7.Be3 a6 8.Bb3 Be7
9.Qe2 O-O 10.O-O-O Nd7 11.Kb1 Nxd4 12.Bxd4 b5 13.e5 dxe5 14.Bxe5 Qb6 15.Bd4 Bc5
16.Qg4 Bxd4 17.Qxd4 Qxd4 18.Rxd4 Nc5 19.Rhd1 Rb8 20.f3 a5 21.a4 bxa4 22.Bxa4 Bb7
23.b3 Rfc8 24.Bd7 Nxb3 25.cxb3 Rxc3 26.Kb2 Rc7 27.Bc6 g6 28.Rd8+ Rxd8 29.Rxd8+ Kg7
30.Bxb7 Rxb7 31.Ra8 Rb5 32.Ka3 Rd5 33.Ka4 Rd2 34.Rxa5 Rxg2 35.b4 Rxh2 36.b5 Rb2
37.Ka3 Rb1 38.Ka2 Rd1 39.b6 Rd8 40.Kb3 Rb8 41.Rb5 h5 42.Kc4 Kf6 43.Kc5 Kf5
44.Kd6+ Kf4 45.Kc7 Re8 46.b7 Kxf3 47.Rb6 h4  1/2-1/2

[Event "Rishon Le Ziyyon 9798"]
[Site "Rishon Le Ziyyon"]
[Date "1997.12.25"]
[Round "1"]
[White "Smirin, Ilia"]
[Black "Uritzky, Maxim"]
[Result "1-0"]
[WhiteElo "2600"]
[BlackElo "2450"]

1.c4 c5 2.Nf3 Nf6 3.Nc3 g6 4.d4 cxd4 5.Nxd4 Bg7 6.e4 Nc6 7.Be3 Ng4 8.Qxg4 Nxd4
9.Qd1 Ne6 10.Qd2 d6 11.Be2 Bd7 12.O-O Bc6 13.b4 b6 14.Rac1 O-O 15.Nd5 Nc7
16.Bg5 Re8 17.f4 Qd7 18.f5 Nxd5 19.exd5 Bb7 20.Bg4 Qa4 21.fxg6 fxg6 22.Be6+ Kh8
23.Rf7 Rf8 24.Rxe7  1-0

[Event "Rishon Le Ziyyon 9798"]
[Site "Rishon Le Ziyyon"]
[Date "1997.12.26"]
[Round "2"]
[White "Kaspi, Alexander"]
[Black "Smirin, Ilia"]
[Result "0-1"]
[WhiteElo "2495"]
[BlackElo "2600"]

1.d4 Nf6 2.c4 g6 3.Nc3 Bg7 4.e4 d6 5.f3 O-O 6.Bg5 a6 7.Nge2 Nc6 8.d5 Ne5
9.Nd4 c5 10.Nc2 Nh5 11.g4 Nf6 12.h3 b5 13.cxb5 h6 14.Bd2 axb5 15.Bxb5 c4
16.O-O e6 17.Ne3 Qb6 18.Kg2 exd5 19.exd5 Ba6 20.a4 Bxb5 21.axb5 Rxa1 22.Qxa1 Qd4
23.Qd1 Nd3 24.Nc2 Qb6 25.b3 cxb3 26.Be3 Nc5 27.Nd4 Re8 28.Qd2 Nfd7 29.Re1 Qa5
30.Bf2 Rxe1 31.Qxe1 Kf8 32.Qd2 Nb6 33.Nb1 Qa2 34.Nxb3 Qxb3 35.Qa5 Be5 36.Qxb6 Qxb1
37.Bxc5 dxc5 38.Qxc5+ Kg7 39.b6 Qb2+  0-1

[Event "Rishon Le Ziyyon 9798"]
[Site "Rishon Le Ziyyon"]
[Date "1997.12.27"]
[Round "3"]
[White "Smirin, Ilia"]
[Black "Mikhalevski, Victor"]
[Result "1/2-1/2"]
[WhiteElo "2600"]
[BlackElo "2535"]

1.c4 Nf6 2.Nc3 d5 3.cxd5 Nxd5 4.g3 g6 5.Bg2 Nb6 6.Nf3 Bg7 7.O-O O-O 8.d3 Nc6
9.Bd2 e5 10.Ne4 a5 11.Rc1 h6 12.Nc5 Nd7 13.Qb3 Nxc5 14.Rxc5 a4 15.Qb5 Ra6
16.Be3 Nd4 17.Nxd4 exd4 18.Rd5 Qe8 19.Qxe8 Rxe8 20.Bxd4 Be6 21.Bxg7 Bxd5
22.Bxd5 Kxg7 23.Bxb7 Rb6 24.Bf3 Rxb2 25.Rc1 Re7 26.a3 Rb3 27.Ra1 Rc3 28.d4 c5
29.dxc5 Rxc5 30.e3 Rec7 31.Kg2 Rc1 32.Ra2 R7c3 33.Rd2 Rxa3 34.Rd7 Rac3 35.Ra7 R1c2
36.Bd5 Rc7 37.Rxa4 Rd2 38.Bc4 Rc2 39.Bd5 Rd2 40.Bc4 Rb7 41.Ra2 Rxa2 42.Bxa2 g5
43.h4 gxh4 44.gxh4 Rb4 45.Kg3 f5 46.f4 Rb5 47.Bc4 Rc5 48.Bf1 Rc6 49.Bg2 Rg6+
50.Kf2 Kf6 51.Bb7 Rg7 52.Bf3 Ke6 53.Bg2 Ra7 54.Bf1 Ra3 55.Bh3 Rc3 56.Kf3 Kf6
57.Bf1 Ke7 58.Bh3 Rc5 59.Bf1 Kd6 60.Kf2 Kd5 61.Bd3 Kd6 62.Bf1 Rd5 63.Bc4 Rd2+
64.Kg3 Rd1 65.Be2 Rc1 66.Kf3 Ke6 67.Kf2 Rc3 68.Kf3 Kd5 69.Bf1 Rc5 70.Bd3 Kd6
71.Bf1 Rd5 72.Bc4 Rd1 73.Be2 Rd2 74.Bf1 Ke6  1/2-1/2

[Event "Rishon Le Ziyyon 9798"]
[Site "Rishon Le Ziyyon"]
[Date "1997.12.28"]
[Round "4"]
[White "Mikhalevski, Alexander"]
[Black "Smirin, Ilia"]
[Result "1/2-1/2"]
[WhiteElo "2470"]
[BlackElo "2600"]

1.d4 Nf6 2.c4 g6 3.Nc3 Bg7 4.e4 d6 5.h3 Nbd7 6.Bd3 O-O 7.Bg5 c5 8.d5 Ne5
9.Nf3 Nxd3+ 10.Qxd3 a6 11.a4 Nh5 12.O-O h6 13.Bd2 e6 14.dxe6 Bxe6 15.Nd5 Re8
16.Rad1 Bxd5 17.exd5 Qd7 18.b3 b5 19.axb5 axb5 20.cxb5 Rab8 21.b4 Rxb5  1/2-1/2

[Event "Rishon Le Ziyyon 9798"]
[Site "Rishon Le Ziyyon"]
[Date "1997.12.29"]
[Round "5"]
[White "Smirin, Ilia"]
[Black "Kanstler, Boris"]
[Result "1/2-1/2"]
[WhiteElo "2600"]
[BlackElo "2535"]

1.e4 g6 2.d4 Bg7 3.Nc3 d6 4.Bg5 a6 5.Bc4 b5 6.Bd5 c6 7.Bb3 Nd7 8.Nf3 Qc7
9.a4 b4 10.Ne2 Ngf6 11.Qd3 O-O 12.O-O a5 13.Ng3 Ba6 14.Bc4 Bxc4 15.Qxc4 Nxe4
16.Nxe4 d5 17.Qe2  1/2-1/2

[Event "Rishon Le Ziyyon 9798"]
[Site "Rishon Le Ziyyon"]
[Date "1997.12.30"]
[Round "6"]
[White "Khasin, Alexander"]
[Black "Smirin, Ilia"]
[Result "1/2-1/2"]
[WhiteElo "2505"]
[BlackElo "2600"]

1.c4 e5 2.Nc3 Nf6 3.Nf3 Nc6 4.g3 d5 5.cxd5 Nxd5 6.Bg2 Nb6 7.O-O Be7 8.d3 O-O
9.Be3 Be6 10.Rc1 Qd7 11.a3 f6 12.Ne4 Nd5 13.Nc5 Bxc5 14.Bxc5 Rfd8 15.Qc2 Kh8
16.Rfd1 Bg4 17.b4 a6 18.Rd2 Rac8 19.Qb2 b6 20.Be3 Nce7 21.Rdc2 Nf5 22.Bd2 Bxf3
23.Bxf3 Nd4 24.Rc4 Nxf3+ 25.exf3 Qf5 26.f4 exf4 27.Bxf4 Qxd3 28.Bxc7 Re8
29.Kg2 Nxc7 30.Rxc7 Qd5+ 31.f3 Rcd8 32.Qf2 h5 33.R7c2 Qb5 34.Re1 Qd3 35.Rxe8+ Rxe8
36.Rd2 Qxa3 37.Qxb6 Kh7 38.Qd4  1/2-1/2

[Event "Berliner Sommer"]
[Site "Berlin"]
[Date "1997.??.??"]
[Round "1"]
[White "Smirin, Ilia"]
[Black "Richter, Christian"]
[Result "1-0"]
[WhiteElo "2600"]
[BlackElo "2085"]

1.e4 e5 2.Nf3 Nc6 3.Bb5 a6 4.Ba4 Nf6 5.Qe2 b5 6.Bb3 Be7 7.O-O d6 8.c3 Bg4
9.h3 Bxf3 10.Qxf3 O-O 11.a4 b4 12.a5 Qb8 13.Bc4 Qb7 14.Qe2 Rfe8 15.d3 bxc3
16.bxc3 Na7 17.Qa2 Rf8 18.Nd2 Nb5 19.Qc2 c6 20.Nf3 Bd8 21.Bd2 Re8 22.Rfe1 h6
23.Bb3 Bc7 24.c4 Nd4 25.Nxd4 exd4 26.Rab1 Rad8 27.c5 Qa8 28.cxd6 Bxd6 29.Ba4 Rc8
30.Rb6 Re6 31.Qc4 c5 32.f4 Rb8 33.Rxa6 Qb7 34.e5 Nd5 35.Rxd6  1-0

[Event "Berliner Sommer"]
[Site "Berlin"]
[Date "1997.??.??"]
[Round "2"]
[White "Hammes, Michael"]
[Black "Smirin, Ilia"]
[Result "1/2-1/2"]
[WhiteElo "2310"]
[BlackElo "2600"]

1.d4 Nf6 2.Nf3 g6 3.c4 Bg7 4.Nc3 O-O 5.e4 d6 6.Be2 e5 7.O-O Nc6 8.d5 Ne7
9.Nd2 a5 10.a3 Bd7 11.b3 Nc8 12.Bb2 Nb6 13.Qc2 c6 14.dxc6 Bxc6 15.a4 Nbd7
16.Ba3 Nc5 17.Bxc5 dxc5 18.Nd5 Ne8 19.Rad1 f5 20.Bf3 Nd6 21.Rfe1 Kh8 22.Nb1 fxe4
23.Bxe4 Nf5 24.Nbc3 Nd4 25.Qa2 Rf7 26.Ne2 Bf8 27.Nxd4 cxd4 28.Rd3 Bc5 29.Qe2 Qf8
30.Rf3 Re8 31.Rxf7 Qxf7 32.Rd1 Bxd5  1/2-1/2

[Event "Berliner Sommer"]
[Site "Berlin"]
[Date "1997.??.??"]
[Round "3"]
[White "Smirin, Ilia"]
[Black "Moehring, Guenther"]
[Result "1/2-1/2"]
[WhiteElo "2600"]
[BlackElo "2300"]

1.c4 c5 2.Nf3 Nf6 3.Nc3 Nc6 4.g3 d5 5.d4 e6 6.cxd5 Nxd5 7.Bg2 Be7 8.O-O O-O
9.e4 Nb6 10.dxc5 Bxc5 11.Qb3 Nd4 12.Nxd4 Bxd4 13.Nb5 e5 14.Nxd4 exd4 15.Qd3 Be6
16.b3 a5 17.Bb2 a4 18.Bxd4 Nd7 19.Rac1 Qa5 20.f4 f6 21.Bf2 Rfd8 22.bxa4 Qxa4
23.Rfd1 Qa5 24.Qd6 Nf8 25.Qe7 Rxd1+ 26.Rxd1 Qxa2 27.Qxb7 Qa4 28.Rc1 Rd8 29.h4 Rd1+
30.Rxd1 Qxd1+ 31.Kh2 Qd7 32.Qb6 h5 33.Bc5 Bf7 34.Bd6 Qc8 35.Bf3 Nd7 36.Qd4 Qe8
37.Ba3 Qe6 38.Bb2 Qb3 39.Bg2 Nc5 40.Qd8+ Kh7 41.Qe7 Nd3 42.Bd4 Ne1 43.Bf2 Nxg2
44.Kxg2 Bc4 45.Qe8 Qd1 46.f5  1/2-1/2

[Event "Berliner Sommer"]
[Site "Berlin"]
[Date "1997.??.??"]
[Round "4"]
[White "Reichenbach, Werner"]
[Black "Smirin, Ilia"]
[Result "0-1"]
[WhiteElo "2255"]
[BlackElo "2600"]

1.d4 Nf6 2.c4 c5 3.d5 b5 4.cxb5 a6 5.b6 a5 6.Nc3 Ba6 7.g3 d6 8.Bg2 Nbd7 9.Nf3 g6
10.O-O Bg7 11.Re1 O-O 12.h3 Nxb6 13.e4 Nfd7 14.Bf1 Nc4 15.Nd2 Nxd2 16.Bxd2 Ne5
17.Bxa6 Rxa6 18.Qe2 c4 19.Be3 Qd7 20.Kg2 f5 21.Bd4 f4 22.gxf4 Nd3 23.Be3 Rxf4
24.Qd2 Nxe1+ 25.Rxe1 Rh4  0-1

[Event "Berliner Sommer"]
[Site "Berlin"]
[Date "1997.??.??"]
[Round "6"]
[White "Levin, Felix"]
[Black "Smirin, Ilia"]
[Result "1/2-1/2"]
[WhiteElo "2475"]
[BlackElo "2600"]

1.d4 Nf6 2.c4 c5 3.d5 b5 4.cxb5 a6 5.b6 a5 6.Nc3 Ba6 7.Nf3 d6 8.e4 Bxf1 9.Kxf1 Nbd7
10.Qa4 Qxb6 11.e5 dxe5 12.Nxe5 Qa6+ 13.Kg1 Rb8 14.a3 Qb7 15.h4 Qb3 16.Qc6 Qb6
17.Rh3 Qxc6 18.Nxc6 Rc8 19.Na7 Rb8 20.Nab5 e5 21.dxe6 fxe6 22.Bf4 e5 23.Re1 Kf7
24.Bh2 c4 25.Kf1 Ng4 26.Re4 Nxh2+ 27.Rxh2 Rc8 28.Rh3 Rc5 29.a4 Be7 30.Rf3+ Nf6
31.Re2 Rd8 32.Rfe3 Ke6 33.Ne4 Nxe4 34.Rxe4 Rd1+ 35.Re1 Rd2 36.Nd4+ Kf6 37.Nf3 Rdd5
38.Rc1 Kf5 39.Rcxc4 Rxc4 40.Rxc4 Rd1+ 41.Ke2 Rb1 42.Rc2 Bb4 43.Nd2 Ra1 44.Nc4 Ke4  1/2-1/2

[Event "Berliner Sommer"]
[Site "Berlin"]
[Date "1997.??.??"]
[Round "8"]
[White "Smirin, Ilia"]
[Black "Ruzele, Darius"]
[Result "1-0"]
[WhiteElo "2600"]
[BlackElo "2525"]

1.c4 e6 2.Nc3 d5 3.d4 c6 4.e4 dxe4 5.Nxe4 Bb4+ 6.Bd2 Qxd4 7.Bxb4 Qxe4+ 8.Be2 c5
9.Bxc5 Qxg2 10.Qd6 Nd7 11.O-O-O Qc6 12.Ba3 Qxd6 13.Rxd6 Ngf6 14.Nf3 b6 15.Rc6 Ba6
16.Rg1 g6 17.Rd1 Rc8 18.Nd4 Kd8 19.b3 Rc7 20.Bd6 Rc8 21.Ba3 Rc7 22.Be7+ Kc8
23.Bd6 Rxc6 24.Nxc6 Ne4 25.Nxa7+ Kb7 26.Bf3 f5 27.Nb5 Bxb5 28.cxb5 Nf6 29.Be5 Rc8+
30.Kb2 Nd5 31.Bxe4 fxe4 32.Rd4 e3 33.fxe3 Nxe3 34.Rd7+ Ka8 35.Rxh7 Rc2+ 36.Kb1 Re2
37.Bg3 Nf5 38.Bc7 Nd4 39.a4 Re3 40.Bxb6 Rxb3+ 41.Ka2 Rb4 42.Ra7+ Kb8 43.Bxd4 Rxd4
44.Ra6 Rh4 45.Kb3  1-0

[Event "Berliner Sommer"]
[Site "Berlin"]
[Date "1997.??.??"]
[Round "9"]
[White "Loginov, Valery A"]
[Black "Smirin, Ilia"]
[Result "1/2-1/2"]
[WhiteElo "2550"]
[BlackElo "2600"]

1.Nf3 g6 2.e4 Bg7 3.d4 d6 4.Be2 Nf6 5.Nc3 O-O 6.O-O Nc6 7.d5 Nb8 8.a4 e5
9.dxe6 Bxe6 10.Nd4 Bd7 11.Bg5 Nc6 12.Nxc6 Bxc6 13.Qd2 h6 14.Bxh6 Nxe4 15.Nxe4 Bxh6
16.Qxh6  1/2-1/2